000 00540cab a2200205 4500
001 X2044
008 090401t1995 xxu||||| |||| 00| 0 eng d
035 _a(Sirsi) u21419
041 _aeng
245 _aGovernment sets up new industry board
260 _c1995
350 _a0
490 _aCSM (Chartered Surveyor Monthly)
_v4(5) March 1995, 3(1)
650 _aCONSTRUCTION INDUSTRY BOARD
650 _aLATHAM REFORMS
650 _aREVIEW IMPLEMENTATION FORUM
690 _aBUILT ENVIRONMENT
942 _n0
948 _c04/03/1997
999 _c14379
_d14379